1695 1255 1156 1101 1241 1809 1458 1207 1631 1691 1028 1705 1498 1954 1033 1991 1643 1265 1666 1028 1618 1263 1751 1537 1034 1179 1743 1841 1928 1561 1923 1690 1798 1364 1322 1370 1230 1015 1104 1363 1781 1203 1426 1764 1837 1315 1876 1325 1961 1137 1081 1222 1140 1292 1792 1384 1197 1095 1630 1977 1183 1226 1297 1734 1240 1540 1378 1633 1000 1764 1580 1364 1736 1400 1319 1833 1669 1562 1611 1223 1165 1172 1525 1062 1731 1318 1976 1087 1142 1077 1865 1963 1970 1499 1820 1431 1485 1530 1409 BCNSPRNW ULIB Ver.6.0+V

เปลี่ยนเป็นภาษาไทย

Change to English
 แสดงรายละเอียดบรรณานุกรม
  กลับหน้าหลัก

Brief Record : Get Marc (ISO 2709) : E-mail record : QR code < ปิดหน้าต่าง
LEADER : 00000nam 2200000uu 4500
001    13399123816
003     ULIB
008    120305s2555||||th 000 0 tha d
020    ^a9789741114177
060 04 ^aWG205^bป476ภ
100 0  ^aประดิษฐ์ ปัญจวีณิน,^eบรรณาธิการ
245 00 ^aภาวะฉุกเฉินระบบหัวใจและหลอดเลือด =^bCardiac emergencies /^cประดิษฐ์ ปัญจวีณิน,บรรณาธิการ
246 31 ^aCardiac emergencies
250    ^aพิมพ์ครั้งที่ 5
260    ^aกรุงเทพฯ :^bสาขาวิชาหทัยวิทยา ภาควิชาอายุรศาสตร์ และศูนย์โรคหัวใจสมเด็จพระบรมราชินีนาถ,^c2555
300    ^a347 หน้า :^bภาพประกอบ ;^c21 ซม.
650  7 ^aหัวใจ, ศัลยกรรม
650  7 ^aภาวะฉุกเฉิน
653    ^aผลงานอาจารย์คณะแพทยศาสตร์ศิริราชพยาบาล
700 0  ^aเรวัตร พันธุ์กิ่งทองคำ,^eบรรณาธิการ
700 0  ^aรุ่งโรจน์ กฤตยพงษ์,^eบรรณาธิการ
710 2  ^aมหาวิทยาลัยมหิดล. ^bคณะแพทยศาสตร์ศิริราชพยาบาล.
710 2  ^aมหาวิทยาลัยมหิดล. ^bคณะแพทยศาสตร์ศิริราชพยาบาล.
945    ^p275^l0^i22221
945    ^p275^l0^i22222
995    ทศพร
999 ^a ใช้งานได้ทุกระบบ
รายการนี้ยังไม่มีแท็ก
คุณยังไม่ได้ล็อกอิน คุณสามารถมีกิจกรรมร่วมกับเว็บไซต์ได้ แต่ต้องล็อกอินก่อน ::
  ล็อกอิน

รายการสื่อสารสนเทศ

ลำดับที่ ประเภท เลขเรียก/บาร์โค้ด สถานที่ สถานะ
1. วิทยาศาสตร์การแพทย์ และสุขภาพ
วิทยาศาสตร์การแพทย์ และสุขภาพ
สถานะ=หนังสือเก่า
WG205 ป476ภ ฉ.1 
  Barcode: 22221
ห้องสมุดวิทยาเขตนครสวรรค์
►ส่วนจัดเก็บหนังสือเก่า นว.
บนชั้น
  ขอยืม
2. วิทยาศาสตร์การแพทย์ และสุขภาพ
วิทยาศาสตร์การแพทย์ และสุขภาพ
สถานะ=หนังสือเก่า
WG205 ป476ภ ฉ.2 
  Barcode: 22222
ห้องสมุดวิทยาเขตนครสวรรค์
►ส่วนจัดเก็บหนังสือเก่า นว.
บนชั้น
  ขอยืม

รายการใกล้เคียง
    หัวเรื่อง [หัวใจ, ศัลยกรรม]
    หัวเรื่อง [ภาวะฉุกเฉิน]

BibComment


ยังไม่เคยถูกคอมเมนท์

คอมเมนท์ทรัพยากรรายการนี้
  คอมเมนท์: ภาวะฉุกเฉินระบบห..


 Copyright 2026. Bcnsprnw @Library